[Event "Sachsen-Anhalt Landesliga-B 1920"]
[Site "Sachsen Anhalt"]
[Date "2020.03.01"]
[Round "7.4"]
[White "Kalliwoda, Enrico"]
[Black "Persing, Sylvio"]
[Result "1/2-1/2"]
[WhiteElo "1701"]
[BlackElo "1786"]
[PlyCount "79"]
[EventDate "2019.09.29"]
[EventType "team-tourn"]
[EventRounds "9"]
[EventCountry "GER"]
[SourceTitle "EXT 2023"]
[Source "ChessBase"]
[SourceDate "2022.10.05"]
[SourceVersion "1"]
[SourceVersionDate "2022.10.05"]
[SourceQuality "1"]
[WhiteTeam "Hettstedt"]
[BlackTeam "Merseburg II"]
[WhiteTeamCountry "GER"]
[BlackTeamCountry "GER"]

1. e4 g6 2. d4 Bg7 3. c4 d6 4. Nc3 Nd7 5. f3 e5 6. Be3 Ne7 7. Nge2 0-0 8. Qd2 f5 9. Bh6 Nc6 10. Bxg7 Kxg7 11. d5 Ne7 12. 0-0-0 Nf6 13. f4 Ng4 14. Re1 exf4 15. Nxf4 Ne5 16. h4 h6 17. Nb5 fxe4 18. Nd4 Rxf4 19. Qxf4 Nf5 20. Nxf5+ Bxf5 21. Re3 Qf6 22. Be2 Rf8 23. Rf1 h5 24. Rg3 Ng4 25. Bxg4 hxg4 26. Rc3 b6 27. g3 a5 28. Qe3 Qe5 29. Rd1 Bd7 30. Qd4 Qxd4 31. Rxd4 Rf1+ 32. Rd1 Rf2 33. Re1 Bf5 34. Rce3 Rf3 35. Kd2 Kh6 36. Kc3 g5 37. hxg5+ Kxg5 38. b4 Kf6 39. a3 Ke5 40. R1e2 1/2-1/2

[Event "Sachsen-Anhalt Landesliga-B 1920"]
[Site "Sachsen Anhalt"]
[Date "2020.02.02"]
[Round "6.7"]
[White "Nahlik, Walter"]
[Black "Persing, Sylvio"]
[Result "0-1"]
[WhiteElo "1611"]
[BlackElo "1786"]
[PlyCount "46"]
[EventDate "2019.09.29"]
[EventType "team-tourn"]
[EventRounds "9"]
[EventCountry "GER"]
[SourceTitle "EXT 2023"]
[Source "ChessBase"]
[SourceDate "2022.10.05"]
[SourceVersion "1"]
[SourceVersionDate "2022.10.05"]
[SourceQuality "1"]
[WhiteTeam "Dessau II"]
[BlackTeam "Merseburg II"]
[WhiteTeamCountry "GER"]
[BlackTeamCountry "GER"]

1. e4 g6 2. d4 Bg7 3. Nf3 d6 4. Nc3 Nd7 5. Bc4 e6 6. Be3 a6 7. a3 Ne7 8. Ng5 0-0 9. Bxe6 Nf6 10. Bxc8 Rxc8 11. h3 Nc6 12. Nf3 Qe7 13. 0-0 Nxe4 14. Nxe4 Qxe4 15. c3 Qd5 16. Qc2 Na5 17. Nd2 Nc4 18. Nxc4 Qxc4 19. Rad1 d5 20. Bf4 Rfe8 21. Rfe1 Rxe1+ 22. Rxe1 Bxd4 23. Re7 Bf6 0-1

[Event "Sachsen-Anhalt Verbandsliga 1920"]
[Site "Sachsen Anhalt"]
[Date "2019.12.08"]
[Round "4.8"]
[White "Hanisch, Klaus"]
[Black "Persing, Sylvio"]
[Result "1/2-1/2"]
[WhiteElo "1935"]
[BlackElo "1786"]
[PlyCount "53"]
[EventDate "2019.09.29"]
[EventType "team-tourn"]
[EventRounds "9"]
[EventCountry "GER"]
[SourceTitle "EXT 2023"]
[Source "ChessBase"]
[SourceDate "2022.10.05"]
[SourceVersion "1"]
[SourceVersionDate "2022.10.05"]
[SourceQuality "1"]
[WhiteTeam "Magdeburg USC"]
[BlackTeam "Merseburg"]
[WhiteTeamCountry "GER"]
[BlackTeamCountry "GER"]

1. c4 g6 2. g3 Bg7 3. Bg2 c5 4. Nc3 Nc6 5. e3 d6 6. Nge2 e5 7. Nd5 Nge7 8. Nec3 0-0 9. 0-0 Rb8 10. a3 Nxd5 11. Nxd5 Ne7 12. d3 Be6 13. Nc3 Qd7 14. Bd2 b6 15. e4 Nc6 16. Ne2 b5 17. Qc2 a5 18. b3 b4 19. axb4 axb4 20. Ra6 h6 21. Qa2 Qc7 22. Ra1 Bc8 23. Ra4 Bd7 24. Ra6 Bc8 25. Ra4 Bd7 26. Ra6 Bc8 27. Ra4 1/2-1/2